=LDR 00000nam 2200000 4500 =001 INLIS000000000058317 =005 20210913090124 =035 ##$$a 0010-0921000121 =007 ta =008 210913###########################0#ind## =020 ##$$a 978-602-8276-30-6 =082 ##$$a 381.13 =084 ##$$a 381.13 Dew b =245 1#$$a Bisnis Franchise Modal 2 Juta : $b Aneka Bisnis Franchise Modal 2 - 20 Jutaan /$c Dewi Hartanti =250 ##$$a Cet.1 =300 ##$$a 228 halaman : $b Ilustrasi ; $c 24 cm =650 #4$$a Waralaba =264 ##$$a Yogyakarta :$b Indonesia Cerdas,$c 2009 =336 ##$$a teks$2 rdacontent =337 ##$$a lain-lain$2 rdamedia =338 ##$$a lain-lain$2 rdacarrier =990 ##$$a 09240924